| 000 | 00855nam a22002897a 4500 | ||
|---|---|---|---|
| 001 | 4558 | ||
| 003 | FISKH | ||
| 005 | 20240916152134.0 | ||
| 008 | 240916b cb ||||| |||| 00| 0 eng d | ||
| 020 | _a9780440407072 | ||
| 040 |
_aFISKH _beng _cFISKH _dFISKH |
||
| 050 | _aPZ7.B6265 | ||
| 082 | _2823 | ||
| 100 |
_aBlume, Judy _d1938- |
||
| 245 |
_aBlubber / _cJudy Blume |
||
| 250 | _a1986 | ||
| 260 |
_aNew York : _bA Yearling, _c1986. |
||
| 300 |
_a156 pages : _c20cm |
||
| 505 | _aO | ||
| 520 | _aJill goes along with the rest of the fifth-grade class in tormenting a classmate and then finds out what it's like when she, too, becomes a target. | ||
| 521 | 8 |
_a660L
_bLexile |
|
| 521 | 8 |
_aO
_bRaz-Plus |
|
| 650 |
_2Young adult _aRealistic fiction |
||
| 650 |
_2Bullying _aChildren's literature |
||
| 942 |
_2ddc _cBK _n0 |
||
| 999 |
_c4558 _d4558 |
||